000 01500nam0a22003371 4500
001 RU\NLR\A1\29201
005 20251203152403.2
035 _a(NLR Aleph) 009681738
090 _a9704727
_c9704727
100 _a20010920d1792 u y0rusy50 ca
101 0 _arus
102 _aRU
200 1 _aПохвальное слово... императрице великой, Екатерине Алексеевне... на торжественный день возшествия ея величества на всероссийский престол
_eИюня 28
_fВерноподданнейший со благоговением приносит из сочинителей Михайла Ломоносов, и с оным вкупе Иван Майков
210 _aСПб.
_c[Тип. Акад. наук]
_d1792
215 _a7 с.
_d
321 1 _aСК XVIII 3969
600 0 _6z01790
_aЕкатерина
_dII
_cимп.
_f1729-1796
620 _dСанкт-Петербург
700 1 _aМайков
_bИ. А.
_gИван Алексеевич
_4070
702 1 _aЕкатерина
_cимператрица российская
_dII
_f1729-1796
_3RU\NLR\AUTH\772098
_4570
712 0 2 _aАкадемическая типография
_cСанкт-Петербург
_4610
801 0 _aRU
_bNLR
_c20010920
830 _aВопрос РГБ
899 _aРГБ
899 _aБАН
899 _aРГБ
899 _aБАН
942 _cBOOK
980 _aNB
980 _aA1XVIIIv